000 01161nam a22003257a 4500
003 CHAP
005 20220329135134.0
008 971013s1964 r 00010 d
010 _a31521
011 _a32493
035 _a36608
040 _cCHAP
082 _a301.35
_bM3
100 0 0 _aMartínez de Verburg, Graciela.
_971978
245 _aSan Miguel Coatlinchán
_b: estudio sobre un ejido marginal en el Estado de México
260 _aMéxico, D.F. :
_b(s.e.),
_c1964
300 _a171 p
500 _a"Programa Interamericano de Ciencias Sociales Aplicadas. Proyecto 104. Programa de Cooperación Técnica. OEA. Curso 1962-1962"
500 _aReposición de la original (Fotocopia)
590 _aBATCH-UPD
_b10
_c20130110
_lUCH01
_h1252
590 _aBATCH-UPD
_b10
_c20130410
_lUCH01
_h0814
590 _aBATCH-UPD
_b10
_c20130914
_lUCH01
_h1801
590 _aCONVERSION
_b10
_c20130109
_lUCH01
_h1318
650 1 4 _aAgricultura
_zMexico (Edo.).
_91934
650 1 4 _aSociología rural.
_9108215
700 0 _aVerburg Moore, John A.
_9118838
901 _aBK
942 _cLIBRO
949 _a301.35 M3
_bBC
_cLIBRO
_d33724000294195
_eLIBRO
_h81219
_i36608
_si
999 _c31521
_d31521